<?xml version="1.0" encoding="UTF-8"?>
<record
    xmlns:xsi="http://www.w3.org/2001/XMLSchema-instance"
    xsi:schemaLocation="http://www.loc.gov/MARC21/slim http://www.loc.gov/standards/marcxml/schema/MARC21slim.xsd"
    xmlns="http://www.loc.gov/MARC21/slim">

  <leader>02282nam a2200337 a 4500</leader>
  <controlfield tag="001"> </controlfield>
  <controlfield tag="003">DO-SdBNP</controlfield>
  <controlfield tag="005">20220209120905.0</controlfield>
  <controlfield tag="008">090917s2000 dr a    r     000 0 spa d</controlfield>
  <datafield tag="020" ind1=" " ind2=" ">
    <subfield code="a">999343020X</subfield>
  </datafield>
  <datafield tag="040" ind1=" " ind2=" ">
    <subfield code="a">DO-SdBNP</subfield>
    <subfield code="b">spa</subfield>
    <subfield code="c">BPMSU </subfield>
  </datafield>
  <datafield tag="082" ind1=" " ind2=" ">
    <subfield code="a">RD860</subfield>
    <subfield code="b">C744o, 2000</subfield>
    <subfield code="2">22</subfield>
  </datafield>
  <datafield tag="111" ind1="2" ind2=" ">
    <subfield code="a">Concurso de Arte y Literatura Bancentral</subfield>
    <subfield code="n">(6. :</subfield>
    <subfield code="d">2001 :</subfield>
    <subfield code="c">Santo Domingo, Rep&#xFA;blica Dominicana)</subfield>
  </datafield>
  <datafield tag="245" ind1="1" ind2="0">
    <subfield code="a">Obras premiadas : </subfield>
    <subfield code="b">sexto Concurso de Arte y literatura Bancentral 2001 /</subfield>
    <subfield code="c">edici&#xF3;n Jos&#xE9; Alc&#xE1;ntara Alm&#xE1;nzar, Lourdes Lara.</subfield>
  </datafield>
  <datafield tag="246" ind1="1" ind2="4">
    <subfield code="a">Concurso de Arte y Literatura Bancentral 2001</subfield>
  </datafield>
  <datafield tag="260" ind1=" " ind2=" ">
    <subfield code="a">Santo Domingo :</subfield>
    <subfield code="b">Banco Central de la Rep&#xFA;blica Dominicana,</subfield>
    <subfield code="c">2001.</subfield>
  </datafield>
  <datafield tag="300" ind1=" " ind2=" ">
    <subfield code="a">71 p. :</subfield>
    <subfield code="b">il. ;</subfield>
    <subfield code="c">23 cm.</subfield>
  </datafield>
  <datafield tag="490" ind1="0" ind2=" ">
    <subfield code="a">Banco Central de la Rep&#xFA;blica Dominicana ;</subfield>
    <subfield code="a">Obras premiadas,</subfield>
    <subfield code="v">34</subfield>
  </datafield>
  <datafield tag="505" ind1="0" ind2=" ">
    <subfield code="g">Tercer premio. Categor&#xED;a Cuento :</subfield>
    <subfield code="t">Desvelo /</subfield>
    <subfield code="r">Elsa Ram&#xED;rez --</subfield>
    <subfield code="g">Segundo premio. Categor&#xED;a Fotograf&#xED;a :</subfield>
    <subfield code="t">Reflejos /</subfield>
    <subfield code="r">Rafael V. Ravelo Pe&#xF1;a --</subfield>
    <subfield code="g">Tercer premio. Categor&#xED;a Fotograf&#xED;a :</subfield>
    <subfield code="t">Vestigios de un sue&#xF1;o sobre la playa de Juanillo /</subfield>
    <subfield code="r">Domingo de la Cruz --</subfield>
    <subfield code="g">Tercer premio. Categor&#xED;a Cuento :</subfield>
    <subfield code="t">El extra&#xF1;o hombre oscuro /</subfield>
    <subfield code="r">Luis Jos&#xE9; Bourget G. --</subfield>
    <subfield code="g">Tercer premio. Categor&#xED;a Pintura :</subfield>
    <subfield code="t">P&#xF3;rtico a la paz /</subfield>
    <subfield code="r">Dinorah B&#xE1;ez P&#xE9;rez --</subfield>
    <subfield code="g">Menci&#xF3;n de Honor. Categor&#xED;a Pintura :</subfield>
    <subfield code="t">Puente de Azua /</subfield>
    <subfield code="r">Mar&#xED;a Mercedes Cubilete Rodr&#xED;guez --</subfield>
    <subfield code="g">Menci&#xF3;n de Honor. Categor&#xED;a Pintura :</subfield>
    <subfield code="t">Frutas y vinos /</subfield>
    <subfield code="r">Yolanda Esteban de L&#xF3;pez --</subfield>
    <subfield code="g">Menci&#xF3;n de Honor. Categor&#xED;a Fotograf&#xED;a :</subfield>
    <subfield code="t">Naturaleza? /</subfield>
    <subfield code="r">Cynthia Alexandra Valenzuela Acosta --</subfield>
    <subfield code="g">Menci&#xF3;n de Honor. Categor&#xED;a Fotograf&#xED;a :</subfield>
    <subfield code="t">Debajo del marco /</subfield>
    <subfield code="r">Jos&#xE9; Polanco Santana --</subfield>
    <subfield code="g">Menci&#xF3;n de Honor. Categor&#xED;a Fotograf&#xED;a :</subfield>
    <subfield code="t">Crep&#xFA;sculo antillano /</subfield>
    <subfield code="r">Juan E. Est&#xE9;vez Hurtado --</subfield>
    <subfield code="t">Veredicto --</subfield>
    <subfield code="t">Ap&#xE9;ndice --</subfield>
    <subfield code="t">Notas biogr&#xE1;ficas de los autores.</subfield>
  </datafield>
  <datafield tag="586" ind1=" " ind2=" ">
    <subfield code="a">Premios del Concurso de Arte y literatura Bancentral 2000.</subfield>
  </datafield>
  <datafield tag="590" ind1=" " ind2=" ">
    <subfield code="a">Inventariado, 2022/VM</subfield>
  </datafield>
  <datafield tag="650" ind1=" " ind2="4">
    <subfield code="a">Literatura dominicana</subfield>
    <subfield code="y">Siglo XX</subfield>
  </datafield>
  <datafield tag="650" ind1=" " ind2="4">
    <subfield code="a">Arte y literatura</subfield>
    <subfield code="y">Siglo XX</subfield>
  </datafield>
  <datafield tag="650" ind1=" " ind2="4">
    <subfield code="a">Artes pl&#xE1;sticas</subfield>
    <subfield code="y">Siglo XX</subfield>
  </datafield>
  <datafield tag="650" ind1=" " ind2="4">
    <subfield code="a">Premios literarios</subfield>
    <subfield code="y">Siglo XX</subfield>
  </datafield>
  <datafield tag="700" ind1="1" ind2=" ">
    <subfield code="a">Alc&#xE1;ntara Alm&#xE1;nzar, Jos&#xE9;,</subfield>
    <subfield code="d">1946-,</subfield>
    <subfield code="e">ed.</subfield>
  </datafield>
  <datafield tag="700" ind1="1" ind2=" ">
    <subfield code="a">Lara, Lourdes,</subfield>
    <subfield code="e">ed.</subfield>
  </datafield>
  <datafield tag="710" ind1="2" ind2=" ">
    <subfield code="a">Banco Central de la Rep&#xFA;blica Dominicana</subfield>
  </datafield>
  <datafield tag="910" ind1=" " ind2=" ">
    <subfield code="a"> VMateo V.</subfield>
  </datafield>
  <datafield tag="942" ind1=" " ind2=" ">
    <subfield code="2">ddc</subfield>
    <subfield code="c">BK</subfield>
  </datafield>
  <datafield tag="952" ind1=" " ind2=" ">
    <subfield code="0">0</subfield>
    <subfield code="1">0</subfield>
    <subfield code="2">ddc</subfield>
    <subfield code="4">0</subfield>
    <subfield code="7">0</subfield>
    <subfield code="8">CD</subfield>
    <subfield code="a">BPMET</subfield>
    <subfield code="b">BPMET</subfield>
    <subfield code="d">2022-02-09</subfield>
    <subfield code="o">BPMSU CD RD860 C744o 2001</subfield>
    <subfield code="p">BPMSU22020040</subfield>
    <subfield code="r">2022-02-09</subfield>
    <subfield code="w">2022-02-09</subfield>
    <subfield code="y">BK</subfield>
  </datafield>
  <datafield tag="999" ind1=" " ind2=" ">
    <subfield code="c">14026</subfield>
    <subfield code="d">14026</subfield>
  </datafield>
</record>
